000 00454nam a22001697a 4500
005 20240823051701.0
008 240823b |||||||| |||| 00| 0 eng d
020 _a0702123854
041 _aEnglish
082 _a349 LAW
100 _lEnglish
245 _aActa Juridica
260 _aCape Town:
_bJuta and Company Ltd,
_c1989
300 _b291 pages;
_c25 cm.
650 _aLegal practice
_bLaw
942 _cBK
_6ALISON_BN_VRIES
999 _c2811
_d2811